Caracterización de dos suelos de cañadones del establecimiento Napostá /

Guardado en:
Autor Principal: Jalil, Lucía Giselle.
Autor Corporativo: Universidad Nacional del Sur. Departamento de Agronomía.
Otros Autores: Padilla, Amanda Justina.
Formato: Libro
Idioma:Spanish
Publicado: Bahía Blanca, 2017.
Etiquetas: Agregar Etiqueta
Sin Etiquetas, Sea el primero en etiquetar este registro!
LEADER 00779nam a22001695a 4500
001 EEA.libagro010933
005 20181010084432.0
008 171222s2017####ag############000#0#spa#d
082 0 4 |a 631.478212 
100 1 |a Jalil, Lucía Giselle. 
245 1 0 |a Caracterización de dos suelos de cañadones del establecimiento Napostá /  |c Lucía Giselle Jalil, Amanda Justina Padilla. 
260 |a Bahía Blanca,  |c 2017. 
300 |a 60 [31] h. :  |b il. (algunas col.), fot. col. ;  |c 30 cm. 
500 |a Trabajo final (Técnico Superior Agrario en Suelos y Aguas) -- Universidad Nacional del Sur. Departamento de Agronomía, 2017. 
700 1 |a Padilla, Amanda Justina. 
710 2 |a Universidad Nacional del Sur.  |b Departamento de Agronomía. 
859 |a AR-BbBCA  |b BIB. AGRONOMIA  |h 631.478212  |i J26  |p 2017/6866